| 000 | 00576nam a2200181Ia 4500 | ||
|---|---|---|---|
| 003 | GCL | ||
| 008 | 140319s9999 xx 000 0 ara d | ||
| 040 |
_aGCL / _cGCL |
||
| 082 | 0 | 4 |
_aم _b423.1 _bب م |
| 100 | 1 | _aبادجر، جورج برسى | |
| 245 | 1 | 0 |
_aمعجم الذخيرة العلمية انجليزى - عربى / _cبادجر، جورج برسى |
| 260 |
_a[S.N] : _bمكتبة لبنان ، _c1967 |
||
| 300 | _a1240 ص | ||
| 650 | 0 | 4 | _aاللغة العربية |
| 650 | 0 | 4 | _aالمعاجم |
| 650 | 0 | 4 | _aاللغة الانجليزية |
| 942 |
_2ddc _cREF |
||
| 999 |
_c59557 _d59557 |
||